Emmy Nominated Reality Shows (Slideshow) Quiz Stats

 Plays Quiz not verified by Sporcle

Score 0/11 Timer 05:00
0 Plays Today
% Correct
Survivor
95.3%
American Idol
94%
The Apprentice
88.8%
The Voice
88.4%
The Amazing Race
80.4%
Dancing with the Stars
78.6%
Project Runway
70.8%
American Ninja Warrior
60.9%
Top Chef
55.6%
So You Think You Can Dance
49.3%
Last Comic Standing
27.8%

You're not logged in!

Compare scores with friends on all Sporcle quizzes.
OR
Log In

You Might Also Like...

Show Comments

Extras

Top Quizzes Today


Score Distribution

Your Account Isn't Verified!

In order to create a playlist on Sporcle, you need to verify the email address you used during registration. Go to your Sporcle Settings to finish the process.

Report this User

Report this user for behavior that violates our Community Guidelines.

Details: